| 000 | 00424nam a2200121Ia 4500 | ||
|---|---|---|---|
| 008 | 171212s9999 xx 000 0 und d | ||
| 020 | _a9780748690800 | ||
| 100 | _aKilleen, Jarlath | ||
| 245 |
_cKilleen, Jarlath _aThe Emergence of Irish Gothic Fiction _bHistory, Origins, Theories |
||
| 260 |
_bEdinburgh University Press _c2014 |
||
| 650 | _aLanguage & Literature | ||
| 856 | _uhttp://www.jstor.org/stable/10.3366/j.ctt9qdrh2 | ||
| 999 |
_c351470 _d351470 |
||